| 000 | 01685 a2200277 4500 | ||
|---|---|---|---|
| 001 | 48122 | ||
| 005 | 20260407155748.0 | ||
| 008 | 260407a2007 arg spa d | ||
| 003 | AR-UNSa-BCEJYS | ||
| 040 |
_aAR-UNSa-BCEJYS _bspa _cAR-UNSa-BCEJYS |
||
| 080 |
_a510 _xConsideraciones fundamentales y generales de las matemáticas |
||
| 245 | 1 | 0 | _aMatemáticas aplicadas para administración, economía y ciencias sociales |
| 020 | _a970-10-5698-1 | ||
| 250 | _a4a. ed. | ||
| 264 | 1 |
_aMéxico : _bMcGraw-Hill _c2007 |
|
| 300 |
_axxvi, 1033 p. _c23 cm. |
||
| 505 | _a1. Algunos conocimientos preliminares - 2. Ecuaciones lineales - 3. Sistema de ecuaciones lineales - 4. Funciones matemáticas - 5. Funciones lineales: Aplicaciones - 6. Funciones cuadráticas y polinomiales - 7. Funciones exponenciales y logarítmicas - 8. Matemáticas de las finanzas - 9. Álgebra matrical - 10. Programación lineal: Introducción - 11. Métodos simplex y métodos de solución por computadora - 12. Modelos de transporte y asignación - 13. Introducción a la teoría de la probabilidad - 14. Distribuciones de probabilidad - 15. Diferenciación - 16. Optimización: Metodología - 17. Optimización: Aplicaciones - 18. Cálculo integral: Una introducción - 19. Cálculo integral: Aplicaciones - 20. Optimización: Funciones de varias variables. | ||
| 041 | _aspa | ||
| 942 | _cBK | ||
| 590 | _aniveau_biblio:m niveau_hierar:0 | ||
| 100 | 1 | _aBudnick, Frank S. | |
| 700 | 1 | _aDíaz - Díaz, José Julian | |
| 700 | 1 | _aAlatorre Miguel, Efrén | |
| 700 | 1 | _aGómez Castillo, Raúl | |
| 856 | 4 | 1 |
_uhttps://www.biblioeco.unsa.edu.ar/pmb/images/libros/L127875.jpg _yImagen de portada _qimage/jpeg |
| 999 |
_c4561 _d4561 |
||